000 00631nam a2200217Ia 4500
003 OSt
005 20230410145315.0
008 210423s2017 xx 000 0 und d
020 _a978-93-85909-04-7
040 _cAL
041 _aeng
082 _a339
_223
_bMOOA
100 _aMOORTHY (Vivek)
_985467
245 _aApplied macroeconomics: employment growth and inflation
260 _aNew Delhi
_bI K International Publishing House
_c2017
300 _axxiv,235
_bPB
365 _b465
_cINR
650 _aMacroeconomics
_985468
906 _aApplied ; employment ; growth ; inflation ; macroeconomics:
942 _2ddc
_cBK
999 _c169542
_d169542